LEADER 01201nam a2200277 u 4500 001 000000054638 003 CaOOAMICUS 005 20070226115708.0 008 001219s1943 it u000 u ita u 035 $a10864139 040 $aPUL(R)$bita 100 1 $aGiacon, Carlo,$cS.I.,$d1900-1984.$0(OLS)http://pul/name/3618 245 10$aOccam /$cCarlo Giacon. 260 $aBrescia :$bLa Scuola,$c1943. 300 $a146, [1] c. di tav. :$bill., ritr. ;$c16 cm 490 1 $aMaestri del pensiero e dell'educazione.$aProfili 504 $a"Nota bibliografica": p. [141]-144. 600 14$aOckham, William,$dc. 1285-c. 1349$xCritica e interpretazione.$0(OLS)http://pul/subject/18724 600 14$aOckham, William,$dc. 1285-c. 1349$xBiografia.$0(OLS)http://pul/subject/22333 830 0$aMaestri del pensiero e dell'educazione.$pProfili.$0(OLS)http://pul/title/35121 850 $aPUL 852 $aPUL$W1$xDP1 Fondo Giannini$y60$m1561 D 18$j71944$nBK-PRI$b $qFondi$B71944$CPULBib$Z2$F71944 $H $81 941 1 $a1 961 $aINV: Fondo Giannini 996 $6245$aOccam$9(OLS)http://pul/title/73234 996 $6260$aBrescia :$bLa Scuola$9(OLS)http://pul/publisher/48404 LEADER 01610nam a2200361 a 4500 001 000000140333 003 CaOOAMICUS 005 20141105132455.0 008 141105s2004 it u000 u ita r 020 $a88-343-5023-5 040 $aPUL$bita 100 1 $aPetagine, Antonio.$0(OLS)http://pul/name/66067 245 10$aAristotelismo difficile :$bl'intelletto umano nella prospettiva di Alberto Magno, Tommaso d'Aquino e Sigieri di Brabante /$cAntonio Petagine. 260 $aMilano :$bV&P,$c©2004. 300 $aIX, 318 p. ;$c22 cm 490 1 $aFilosofia. Ricerche 490 1 $aVita e pensiero. Università 504 $aBibliografia p. [299]-318. 650 4$aAristotelismo.$0(OLS)http://pul/subject/20799 830 0$aUniversità (Vita e Pensiero).$0(OLS)http://pul/title/154439 830 0$aRicerche (Vita e pensiero). $pFilosofia.$0(OLS)http://pul/title/132743 850 $aPUL 852 $aPUL$W1$xDP1 Cons. Gen., Altre Classi 1$y22$m389 B 5$j162155$qStampati$q $B161634$CPULBib$Z2$F161634 $H124942 $81 941 1 $a8 960 $aFilosofia aristotelica$920799 983 0$aFilosofia. Ricerche (Vita e Pensiero) 983 0$aV & P. Filosofia. Ricerche. 983 0$aVita e pensiero.$pUniversità. 983 0$aV & P. Università. 996 $6020$a88-343-5023-5 $9(OLS)http://pul/number/156290 996 $6245$aAristotelismo difficile :$bl'intelletto umano nella prospettiva di Alberto Magno, Tommaso d'Aquino e Sigieri di Brabante$9(OLS)http://pul/title/177633 996 $6260$aMilano :$bV&P$9(OLS)http://pul/publisher/78336 LEADER 01385nam a2200277 a 4500 001 000000175497 003 CaOOAMICUS 005 20221020122000.0 008 221020s2019 it u000 u fre r 032 $aLibriCat 040 $aPUL$bita 100 1 $aMaembo Libenga, Michel Carlos.$0(OLS)http://pul/name/110282 245 13$aLe triomphe du Christ et le parfum de sa connaisance : $bune étude exégético-théologique de 2Co 2, 14-17 /$cMichel Carlos Maembo Libenga. 260 $aTorino :$bL'Harmattan Italia,$c2019$aParis :$bL'Harmattan 300 $a281 p.;$c24 cm 504 $aBibliografia: p. 270-281. 650 4$aCristologia$xStudi.$0(OLS)http://pul/subject/36480 710 2 $aPontificia Università Lateranense.$bFacoltà di Teologia$kTesi.$0(OLS)http://pul/name/81775 850 $aPUL 852 $aPUL$W1$xSL Religione 3$y85$m232 MAEMI 1$j199697$qDDC 21$B204434$CPULBib$Z2$F204434 $H135852 $82 910 $aPontificia Università Lateranense.$bFacoltà di sacra teologia.$kTesi$981775 941 1 $a9 996 $6245$aLe triomphe du Christ et le parfum de sa connaisance : $bune étude exégético-théologique de 2Co 2, 14-17$9(OLS)http://pul/title/212599 996 $6260$aTorino :$bL'Harmattan Italia$9(OLS)http://pul/publisher/60432 996 $6260$aParis :$bL'Harmattan$9(OLS)http://pul/publisher/67114